Szervezeti kommunikáció vizsgálata, elemzése egy szervezetben

Bibliográfiai részletek
Szerző: Gerencsér Kitti Petra
További közreműködők: Németh Dr. Tamás
Dokumentumtípus: Diplomadolgozat
Kulcsszavak:Szervezeti kommunikáció
Szervezeti elemzés
Kommunikáció vizsgálat
Online Access:http://dolgozattar.uni-bge.hu/9699

MARC

LEADER 00000nta a2200000 i 4500
001 dolg9699
005 20161219191924.0
008 161219suuuu hu om 000 hun d
040 |a BGE Dolgozattár Repozitórium  |b hun 
041 |a hu 
100 1 |a Gerencsér Kitti Petra 
245 1 0 |a Szervezeti kommunikáció vizsgálata, elemzése egy szervezetben  |c Gerencsér Kitti Petra  |h [elektronikus dokumentum] 
695 |a Szervezeti kommunikáció 
695 |a Szervezeti elemzés 
695 |a Kommunikáció vizsgálat 
700 1 |a Németh Dr. Tamás  |e ths 
856 4 0 |u http://dolgozattar.uni-bge.hu/9699/1/Gerencs%C3%A9r%20Kitti%20Petra%20BNGH8-%20Szakdolgozat.pdf  |z Dokumentum-elérés 
856 4 0 |u http://dolgozattar.uni-bge.hu/9699/2/Titkos%C3%ADt%C3%A1si%20k%C3%A9relem%20szakdolgozathoz.pdf  |z Dokumentum-elérés